[Event "CZE-chT2B 1920"]
[Site "Czech Republic"]
[Date "2020.01.26"]
[Round "7.5"]
[White "Kaluzny, Matyas"]
[Black "Chrz, Pavel"]
[Result "1-0"]
[WhiteElo "2118"]
[BlackElo "1985"]
[PlyCount "111"]
[EventDate "2019.10.13"]
[EventType "team-tourn"]
[EventRounds "11"]
[EventCountry "CZE"]
[SourceTitle "EXT 2024"]
[Source "ChessBase"]
[SourceDate "2023.10.10"]
[SourceVersion "1"]
[SourceVersionDate "2023.10.10"]
[SourceQuality "1"]
[WhiteTeam "Udlice"]
[BlackTeam "Usti nad Labem"]
[WhiteTeamCountry "CZE"]
[BlackTeamCountry "CZE"]

1. e4 e5 2. Nf3 Nc6 3. Bb5 f5 4. d3 fxe4 5. dxe4 Nf6 6. 0-0 Be7 7. Nc3 d6 8. Bg5 0-0 9. Bxf6 Rxf6 10. Ng5 Qe8 11. Nd5 Qg6 12. Nxf6+ gxf6 13. Qd5+ Kh8 14. Bxc6 Qxg5 15. f4 exf4 16. Bxb7 Bxb7 17. Qxb7 Rg8 18. Rf2 d5 19. Qxd5 Bc5 20. Qxg5 fxg5 21. Kf1 Bxf2 22. Kxf2 Rd8 23. Re1 g4 24. e5 Kg7 25. h3 h5 26. hxg4 hxg4 27. e6 Kf6 28. e7 Re8 29. Re4 Kf5 30. Re2 Kf6 31. g3 f3 32. Re4 Rxe7 33. Rxg4 Re2+ 34. Kxf3 Rxc2 35. Ra4 Rxb2 36. Rxa7 Ke5 37. Kg4 c5 38. Kh5 c4 39. a4 c3 40. Rc7 c2 41. g4 Ra2 42. g5 Kf5 43. Rc5+ Ke4 44. Kh6 Ke3 45. g6 Kd2 46. g7 c1Q 47. Rxc1 Kxc1 48. g8Q Rxa4 49. Qb3 Ra6+ 50. Kg5 Rc6 51. Kf4 Rc8 52. Qa4 Rc2 53. Ke3 Rb2 54. Kd3 Rb3+ 55. Ke2 Rc3 56. Qa1+ 1-0

[Event "CZE-chT2B 1819"]
[Site "Czech Republic"]
[Date "2019.01.27"]
[Round "7.5"]
[White "Kaluzny, Matyas"]
[Black "Machala, Vladislav"]
[Result "1-0"]
[WhiteElo "2086"]
[BlackElo "2052"]
[PlyCount "85"]
[EventDate "2018.10.14"]
[EventType "team-tourn"]
[EventRounds "11"]
[EventCountry "CZE"]
[SourceTitle "EXT 2022"]
[Source "ChessBase"]
[SourceDate "2021.10.06"]
[SourceVersion "1"]
[SourceVersionDate "2021.10.06"]
[SourceQuality "1"]
[WhiteTeam "Udlice"]
[BlackTeam "Most Chess"]
[WhiteTeamCountry "CZE"]
[BlackTeamCountry "CZE"]

1. e4 Nf6 2. Nc3 e5 3. f4 d6 4. Nf3 Bg4 5. Bc4 Nbd7 6. 0-0 c6 7. d3 Qc7 8. Qe1 Bxf3 9. Rxf3 Nb6 10. Bb3 0-0-0 11. Qg3 Kb8 12. fxe5 dxe5 13. Bg5 Be7 14. Raf1 Rhf8 15. Be3 Nh5 16. Qg4 Nf4 17. Bxf4 exf4 18. Qxg7 f5 19. Kh1 fxe4 20. Nxe4 Nd5 21. Qxh7 Rh8 22. Qf7 Ne3 23. Qxf4 Nxf1 24. Qxc7+ Kxc7 25. Rxf1 Rdf8 26. Rxf8 Rxf8 27. g4 Rh8 28. Kg2 Bf8 29. h3 Bg7 30. g5 Be5 31. Bf7 Kd8 32. c3 Ke7 33. g6 Kf8 34. d4 Rh4 35. dxe5 Rxe4 36. e6 Re2+ 37. Kf3 Rxb2 38. h4 Rh2 39. h5 Rh4 40. Kg3 Rh1 41. Kf4 a5 42. Kg5 Rg1+ 43. Kh6 1-0

[Event "CZE-chT2B 1819"]
[Site "Czech Republic"]
[Date "2019.01.13"]
[Round "6.6"]
[White "Kaluzny, Matyas"]
[Black "Volf, Jaromir"]
[Result "1-0"]
[WhiteElo "2086"]
[BlackElo "2095"]
[PlyCount "77"]
[EventDate "2018.10.14"]
[EventType "team-tourn"]
[EventRounds "11"]
[EventCountry "CZE"]
[SourceTitle "EXT 2022"]
[Source "ChessBase"]
[SourceDate "2021.10.06"]
[SourceVersion "1"]
[SourceVersionDate "2021.10.06"]
[SourceQuality "1"]
[WhiteTeam "Udlice"]
[BlackTeam "Kladno"]
[WhiteTeamCountry "CZE"]
[BlackTeamCountry "CZE"]

1. e4 e5 2. Nf3 d6 3. d4 exd4 4. Nxd4 Nf6 5. Nc3 Be7 6. Bc4 0-0 7. 0-0 Nxe4 8. Nxe4 d5 9. Bd3 dxe4 10. Bxe4 Bf6 11. Be3 c6 12. c3 Qe7 13. Qc2 g6 14. Rfe1 Qc7 15. Re2 Nd7 16. Bh6 Bg7 17. Bxg7 Kxg7 18. Rae1 Nf6 19. Bf3 Bd7 20. Re7 Qa5 21. b4 Qg5 22. R1e5 Qh6 23. g3 Rae8 24. Qe2 Qc1+ 25. Qe1 Rxe7 26. Rxe7 Qb2 27. Qe5 Bh3 28. Bg2 Qc1+ 29. Qe1 Qxe1+ 30. Rxe1 Bxg2 31. Kxg2 Nd5 32. a3 Nxc3 33. Re7 Rb8 34. Kf3 Kf6 35. Rd7 h5 36. Nb3 Nb5 37. Nc5 Nxa3 38. Rd3 Re8 39. Rxa3 1-0

[Event "CZE-chT2A 1718"]
[Site "Czech Republic"]
[Date "2018.01.14"]
[Round "6.4"]
[White "Cesal, Jaroslav"]
[Black "Kaluzny, Matyas"]
[Result "1-0"]
[WhiteElo "2152"]
[BlackElo "2107"]
[PlyCount "49"]
[EventDate "2017.10.15"]
[EventType "team-tourn"]
[EventRounds "11"]
[EventCountry "CZE"]
[SourceTitle "EXT 2022"]
[Source "ChessBase"]
[SourceDate "2021.10.06"]
[SourceVersion "1"]
[SourceVersionDate "2021.10.06"]
[SourceQuality "1"]
[WhiteTeam "Kozolupy"]
[BlackTeam "Udlice"]
[WhiteTeamCountry "CZE"]
[BlackTeamCountry "CZE"]

1. d4 Nf6 2. Nf3 g6 3. g3 Bg7 4. c4 0-0 5. Bg2 d5 6. cxd5 Nxd5 7. 0-0 b6 8. e4 Nf6 9. Nc3 Bb7 10. Qc2 Nc6 11. Rd1 Nb4 12. Qb3 a5 13. a3 Na6 14. Ne5 c5 15. Be3 Qc7 16. Nc4 Nd7 17. Bf4 e5 18. dxe5 Nxe5 19. Nb5 Qe7 20. Nxb6 Rab8 21. Bxe5 Bxe5 22. Nd7 Bc6 23. Nxb8 Rxb8 24. a4 Qf6 25. Qc4 1-0

[Event "CZE-chT2A 1718"]
[Site "Czech Republic"]
[Date "2017.11.05"]
[Round "2.6"]
[White "Zboril, Jaroslav"]
[Black "Kaluzny, Matyas"]
[Result "1/2-1/2"]
[WhiteElo "1953"]
[BlackElo "2107"]
[PlyCount "71"]
[EventDate "2017.10.15"]
[EventType "team-tourn"]
[EventRounds "11"]
[EventCountry "CZE"]
[SourceTitle "EXT 2022"]
[Source "ChessBase"]
[SourceDate "2021.10.06"]
[SourceVersion "1"]
[SourceVersionDate "2021.10.06"]
[SourceQuality "1"]
[WhiteTeam "Sokolov"]
[BlackTeam "Udlice"]
[WhiteTeamCountry "CZE"]
[BlackTeamCountry "CZE"]

1. Nf3 Nf6 2. b3 d6 3. d4 Bg4 4. Bb2 Nc6 5. c4 e5 6. d5 Ne7 7. Nc3 Nf5 8. h3 Bxf3 9. exf3 g6 10. Bd3 Nd7 11. Bxf5 gxf5 12. f4 Rg8 13. g3 exf4 14. Qe2+ Qe7 15. Qxe7+ Bxe7 16. gxf4 0-0-0 17. Kf1 Nc5 18. Re1 Bh4 19. Re3 Rde8 20. Rg1 Rxg1+ 21. Kxg1 Rxe3 22. fxe3 Ne4 23. Nxe4 fxe4 24. Bc3 c6 25. Bd4 a6 26. Kf1 f5 27. Ke2 Kd7 28. Kd2 Ke7 29. Ke2 cxd5 30. cxd5 b5 31. Bc3 Kf7 32. Kf1 Bd8 33. Bd4 b4 34. Ke2 Bf6 35. Bb6 Bb2 36. Ba5 1/2-1/2

[Event "CZE-ch U18/20 sf"]
[Site "Doksy"]
[Date "2015.11.16"]
[Round "4"]
[White "Kotyk, Vaclav"]
[Black "Kaluzny, Matyas"]
[Result "0-1"]
[WhiteElo "2198"]
[BlackElo "2067"]
[PlyCount "108"]
[EventDate "2015.11.14"]
[EventType "swiss"]
[EventRounds "9"]
[EventCountry "CZE"]
[SourceTitle "EXT 2022"]
[Source "ChessBase"]
[SourceDate "2021.10.06"]
[SourceVersion "1"]
[SourceVersionDate "2021.10.06"]
[SourceQuality "1"]

1. d4 Nf6 2. c4 e5 3. dxe5 Ng4 4. Bf4 Nc6 5. Nf3 Bb4+ 6. Nc3 Qe7 7. Rc1 Ngxe5 8. Nxe5 Nxe5 9. a3 Bxc3+ 10. Rxc3 0-0 11. e3 d6 12. Be2 b6 13. 0-0 Bb7 14. Qc2 Rae8 15. Rd1 Ng6 16. Bg3 f5 17. Bf1 f4 18. exf4 Nxf4 19. Re3 Qf6 20. Rde1 Rxe3 21. Rxe3 a5 22. Bxf4 Qxf4 23. Re7 Kh8 24. Rxc7 Be4 25. Qe2 d5 26. Ra7 dxc4 27. Re7 Bd3 28. Qe3 Qxe3 29. Rxe3 Rd8 30. Re1 Kg8 31. Rd1 Kf7 32. b3 b5 33. a4 bxa4 34. bxc4 a3 35. Ra1 Bxf1 36. Kxf1 Rd3 37. Ke2 Rb3 38. c5 Ke6 39. c6 Kd6 40. Rc1 Kc7 41. Rc4 Rb4 42. Rc3 Ra4 43. Rc1 a2 44. Ra1 Kxc6 45. Kd2 Kc5 46. Kc3 Ra3+ 47. Kb2 Kb4 48. h4 Rb3+ 49. Kxa2 Ra3+ 50. Kb2 Rxa1 51. Kxa1 Kc4 52. h5 Kd3 53. h6 g5 54. g3 g4 0-1

[Event "CZE-ch U20 sf"]
[Site "Frydek Mistek"]
[Date "2014.11.22"]
[Round "9"]
[White "Kaluzny, Matyas"]
[Black "Liduch, Filip"]
[Result "0-1"]
[WhiteElo "2046"]
[BlackElo "1863"]
[PlyCount "48"]
[EventDate "2014.11.16"]
[EventType "swiss"]
[EventRounds "9"]
[EventCountry "CZE"]
[SourceTitle "CBM 163 Extra"]
[Source "ChessBase"]
[SourceDate "2014.12.23"]
[SourceVersion "1"]
[SourceVersionDate "2014.12.23"]
[SourceQuality "1"]

1. e4 e5 2. Nf3 Nc6 3. Bb5 Nf6 4. Bxc6 dxc6 5. d3 Bd6 6. h3 Be6 7. Nbd2 Qe7 8. b3 Nd7 9. Bb2 f6 10. 0-0 0-0-0 11. Nc4 g5 12. Ne3 h5 13. Kh2 Rdg8 14. g3 Nf8 15. d4 exd4 16. Qxd4 Nd7 17. Qxa7 h4 18. Nf5 Bxf5 19. exf5 hxg3+ 20. fxg3 g4 21. Ng1 Rxh3+ 22. Nxh3 Qh7 23. Qf2 Qxh3+ 24. Kg1 Bc5 0-1

[Event "CZE-ch U20 sf"]
[Site "Frydek Mistek"]
[Date "2014.11.21"]
[Round "8"]
[White "Helebrand, Frantisek"]
[Black "Kaluzny, Matyas"]
[Result "1-0"]
[WhiteElo "1655"]
[BlackElo "2046"]
[PlyCount "61"]
[EventDate "2014.11.16"]
[EventType "swiss"]
[EventRounds "9"]
[EventCountry "CZE"]
[SourceTitle "CBM 163 Extra"]
[Source "ChessBase"]
[SourceDate "2014.12.23"]
[SourceVersion "1"]
[SourceVersionDate "2014.12.23"]
[SourceQuality "1"]

1. e4 c5 2. Nc3 Nc6 3. f4 g6 4. Nf3 Bg7 5. Bc4 e6 6. 0-0 a6 7. a4 Nge7 8. d3 d5 9. Bb3 0-0 10. Qe1 Rb8 11. f5 dxe4 12. f6 exf3 13. fxg7 Kxg7 14. Rxf3 Nd4 15. Rh3 Nxb3 16. cxb3 Kg8 17. Ne4 Nf5 18. g4 Qd4+ 19. Kh1 Qd5 20. Rf3 f6 21. gxf5 exf5 22. Bh6 fxe4 23. dxe4 Qh5 24. Qe3 Re8 25. Rxf6 Bf5 26. Rf1 Qg4 27. R6xf5 gxf5 28. Rg1 Re6 29. Rxg4+ fxg4 30. Qg5+ Rg6 31. Qd5+ 1-0

[Event "CZE-ch U20 sf"]
[Site "Frydek Mistek"]
[Date "2014.11.18"]
[Round "3"]
[White "Kaluzny, Matyas"]
[Black "Havelka, Ondrej"]
[Result "1/2-1/2"]
[WhiteElo "2046"]
[BlackElo "1816"]
[PlyCount "104"]
[EventDate "2014.11.16"]
[EventType "swiss"]
[EventRounds "9"]
[EventCountry "CZE"]
[SourceTitle "CBM 163 Extra"]
[Source "ChessBase"]
[SourceDate "2014.12.23"]
[SourceVersion "1"]
[SourceVersionDate "2014.12.23"]
[SourceQuality "1"]

1. e4 e6 2. d4 d5 3. Nc3 dxe4 4. Nxe4 Bd7 5. Nf3 Bc6 6. Bd3 Nd7 7. 0-0 Ngf6 8. Bg5 Be7 9. Bxf6 Nxf6 10. Re1 Bxe4 11. Bxe4 Nxe4 12. Rxe4 Qd5 13. Qe2 Bf6 14. c4 Qd7 15. d5 0-0-0 16. dxe6 fxe6 17. Rxe6 Bxb2 18. Re1 Bf6 19. c5 Qd3 20. c6 bxc6 21. Rxc6 Qxe2 22. Rxe2 Rd1+ 23. Ne1 Rhd8 24. Kf1 R8d6 25. Rec2 Rxc6 26. Rxc6 Rd2 27. Rc2 Rxc2 28. Nxc2 Kd7 29. Ke2 Kd6 30. Kd3 Kc5 31. f4 a5 32. g4 h6 33. Ke4 Kc4 34. Ne3+ Kb5 35. Nd5 Bd8 36. Kf5 c6 37. Ne3 g5 38. fxg5 hxg5 39. Ke6 a4 40. Nf5 c5 41. Kd5 Kb4 42. Ne3 Ka3 43. Kxc5 Kxa2 44. Kb4 a3 45. Nc4 Be7+ 46. Kc3 Kb1 47. Nxa3+ Bxa3 48. Kd2 Bd6 49. h4 gxh4 50. Ke2 h3 51. Kf2 Bf4 52. g5 Bxg5 1/2-1/2

[Event "CZE-chTB U20 1314"]
[Site "Czech Republic"]
[Date "2014.04.27"]
[Round "11.2"]
[White "Reznicek, Dominik"]
[Black "Kaluzny, Matyas"]
[Result "0-1"]
[WhiteElo "1785"]
[BlackElo "1985"]
[PlyCount "64"]
[EventDate "2013.10.12"]
[EventType "team-tourn"]
[EventRounds "11"]
[EventCountry "CZE"]
[SourceTitle "EXT 2015"]
[Source "ChessBase"]
[SourceDate "2014.11.20"]
[SourceVersion "1"]
[SourceVersionDate "2014.11.20"]
[SourceQuality "1"]
[WhiteTeam "Polabiny (U20) II"]
[BlackTeam "Udlice (U20)"]
[WhiteTeamCountry "CZE"]
[BlackTeamCountry "CZE"]

1. e4 c5 2. c3 d5 3. exd5 Qxd5 4. d4 Nc6 5. Nf3 cxd4 6. cxd4 e5 7. Nc3 Bb4 8. Bd2 Bxc3 9. Bxc3 e4 10. Ne5 Nxe5 11. dxe5 Ne7 12. Qd4 Be6 13. Qxd5 Nxd5 14. Bb5+ Ke7 15. Bd4 f5 16. 0-0 a6 17. Bc4 Nf4 18. Bc5+ Kf7 19. Bxe6+ Kxe6 20. Bd6 Rac8 21. g3 Nd3 22. Rad1 Rc2 23. Ba3 Kxe5 24. f3 Rhc8 25. fxe4 fxe4 26. Rf7 R8c7 27. Rf8 Rc1 28. Rxc1 Rxc1+ 29. Rf1 e3 30. b3 Rxf1+ 31. Kxf1 Ke4 32. Ke2 b5 0-1

[Event "CZE-chTW U20 1314"]
[Site "Czech Republic"]
[Date "2014.01.25"]
[Round "6.2"]
[White "Mackova, Veronika"]
[Black "Kaluzny, Matyas"]
[Result "1/2-1/2"]
[WhiteElo "1760"]
[BlackElo "1985"]
[PlyCount "89"]
[EventDate "2013.10.12"]
[EventType "team-tourn"]
[EventRounds "11"]
[EventCountry "CZE"]
[SourceTitle "EXT 2015"]
[Source "ChessBase"]
[SourceDate "2014.11.20"]
[SourceVersion "1"]
[SourceVersionDate "2014.11.20"]
[SourceQuality "1"]
[WhiteTeam "Praha Bohemians (U20)"]
[BlackTeam "Udlice (U20)"]
[WhiteTeamCountry "CZE"]
[BlackTeamCountry "CZE"]

1. e4 c5 2. c3 d5 3. exd5 Qxd5 4. d4 Nc6 5. Nf3 cxd4 6. cxd4 e5 7. dxe5 Qxd1+ 8. Kxd1 Bg4 9. Be2 Bc5 10. Nc3 0-0-0+ 11. Bd2 Bxf3 12. Bxf3 Nxe5 13. Ne4 Nxf3 14. Rc1 Nxd2 15. Rxc5+ Kb8 16. Nxd2 Nf6 17. Re1 Rd7 18. Kc2 Rhd8 19. Nf3 a6 20. h3 Ne8 21. Rce5 Nd6 22. Re7 Nf5 23. Rxd7 Rxd7 24. Ne5 Re7 25. Kd2 f6 26. Nf3 Rd7+ 27. Kc3 Kc7 28. Re2 Kc6 29. Re6+ Kc7 30. Re4 b5 31. a4 Nd6 32. Rd4 bxa4 33. Rxa4 Nb5+ 34. Kc2 Kb6 35. Rh4 h6 36. Re4 Rd6 37. Re7 g5 38. Rh7 f5 39. Re7 Kc5 40. Re5+ Rd5 41. b4+ Kc4 42. Nd2+ Kd4 43. Nf3+ Kc4 44. Nd2+ Kd4 45. Nf3+ 1/2-1/2

[Event "Kadan op"]
[Site "Kadan"]
[Date "2014.??.??"]
[Round "6"]
[White "Kaluzny, Matyas"]
[Black "Kozak, Karel"]
[Result "1/2-1/2"]
[WhiteElo "1993"]
[BlackElo "1887"]
[PlyCount "64"]
[EventDate "2014.08.??"]
[EventType "swiss"]
[EventRounds "9"]
[EventCountry "CZE"]
[SourceTitle "EXT 2016"]
[Source "ChessBase"]
[SourceDate "2015.10.08"]
[SourceVersion "1"]
[SourceVersionDate "2015.10.08"]
[SourceQuality "1"]

1. e4 c5 2. Nf3 d6 3. d4 cxd4 4. Nxd4 Nf6 5. Nc3 a6 6. Bc4 e6 7. Bb3 b5 8. Bg5 Be7 9. Qf3 Qc7 10. 0-0-0 b4 11. Bxf6 Bxf6 12. Ndb5 axb5 13. Nxb5 Qc5 14. Nxd6+ Ke7 15. e5 Qxe5 16. Nxc8+ Rxc8 17. Qxa8 Qxb2+ 18. Kd2 Rd8+ 19. Ke3 Bg5+ 20. f4 Qe5+ 21. Qe4 Bxf4+ 22. Kf3 Qxe4+ 23. Kxe4 Rxd1 24. Rxd1 Bxh2 25. Rh1 Bd6 26. Rxh7 f5+ 27. Kf3 Kf6 28. Rh8 Nc6 29. Re8 Nd4+ 30. Ke3 e5 31. Kd3 g5 32. Rd8 Be7 1/2-1/2

[Event "CZE-chTW U20 1314"]
[Site "Czech Republic"]
[Date "2013.12.07"]
[Round "5.2"]
[White "Kuchar, Tomas"]
[Black "Kaluzny, Matyas"]
[Result "1-0"]
[WhiteElo "1802"]
[BlackElo "1985"]
[PlyCount "87"]
[EventDate "2013.10.12"]
[EventType "team-tourn"]
[EventRounds "11"]
[EventCountry "CZE"]
[SourceTitle "EXT 2015"]
[Source "ChessBase"]
[SourceDate "2014.11.20"]
[SourceVersion "1"]
[SourceVersionDate "2014.11.20"]
[SourceQuality "1"]
[WhiteTeam "Most Chess (U20)"]
[BlackTeam "Udlice (U20)"]
[WhiteTeamCountry "CZE"]
[BlackTeamCountry "CZE"]

1. e4 d5 2. exd5 Qxd5 3. Nc3 Qd6 4. d4 Nf6 5. Nf3 a6 6. g3 b5 7. Bg2 Bb7 8. 0-0 e6 9. a4 b4 10. Bf4 Qd8 11. Ne2 Bd6 12. c3 Nc6 13. Ne5 Nd5 14. a5 0-0 15. c4 Nxf4 16. gxf4 Nxe5 17. Bxb7 Ng4 18. h3 Ra7 19. hxg4 Rxb7 20. Kg2 c5 21. Rh1 cxd4 22. Qd3 g6 23. Qxd4 f5 24. Rad1 Bc7 25. Qd7 Qxd7 26. Rxd7 h5 27. gxh5 Rf7 28. Rxf7 Kxf7 29. hxg6+ Kxg6 30. Nd4 e5 31. Ne6 exf4 32. Kf3 Be5 33. Nxf4+ Bxf4 34. Kxf4 b3 35. Rg1+ Kf6 36. Rg5 Rc7 37. Rxf5+ Ke6 38. c5 Rd7 39. Re5+ Kf6 40. Re3 Rc7 41. Rxb3 Rxc5 42. Rb6+ Ke7 43. Rxa6 Rc2 44. Rb6 1-0

[Event "CZE-chTW U20 1314"]
[Site "Czech Republic"]
[Date "2013.10.13"]
[Round "3.2"]
[White "Kaluzny, Matyas"]
[Black "Jelinek, Michal"]
[Result "0-1"]
[WhiteElo "1985"]
[BlackElo "1849"]
[PlyCount "76"]
[EventDate "2013.10.12"]
[EventType "team-tourn"]
[EventRounds "11"]
[EventCountry "CZE"]
[SourceTitle "EXT 2015"]
[Source "ChessBase"]
[SourceDate "2014.11.20"]
[SourceVersion "1"]
[SourceVersionDate "2014.11.20"]
[SourceQuality "1"]
[WhiteTeam "Udlice (U20)"]
[BlackTeam "Praha Oaza (U20)"]
[WhiteTeamCountry "CZE"]
[BlackTeamCountry "CZE"]

1. e4 e5 2. Nf3 Nc6 3. Bb5 a6 4. Bxc6 dxc6 5. d4 exd4 6. Qxd4 Qxd4 7. Nxd4 c5 8. Ne2 Bd6 9. Nbc3 b6 10. f3 f6 11. Bf4 Be6 12. Rd1 0-0-0 13. Nd5 Bxd5 14. Rxd5 Ne7 15. Rd2 Rd7 16. Kf2 Rhd8 17. Rhd1 b5 18. c3 Ng6 19. Be3 Ne5 20. b3 c4 21. b4 Nd3+ 22. Kg1 Re8 23. Nc1 Red8 24. Nxd3 cxd3 25. Bd4 Bxb4 26. cxb4 Rxd4 27. a3 a5 28. bxa5 Kb7 29. Rc1 Rc4 30. Rb1 Rc2 31. Rdd1 Ka6 32. Rb3 d2 33. Kf2 c5 34. Ke2 c4 35. Re3 c3 36. f4 Rc1 37. e5 Rc8 38. e6 Rxd1 0-1

[Event "Teplice op 8th"]
[Site "Teplice"]
[Date "2013.06.19"]
[Round "5"]
[White "Kaluzny, Matyas"]
[Black "Balka, Ludvik"]
[Result "1-0"]
[WhiteElo "1958"]
[BlackElo "1735"]
[PlyCount "35"]
[EventDate "2013.06.15"]
[EventType "swiss"]
[EventRounds "9"]
[EventCountry "CZE"]
[SourceTitle "CBM 155 Extra"]
[Source "ChessBase"]
[SourceDate "2013.08.26"]
[SourceVersion "1"]
[SourceVersionDate "2013.08.26"]
[SourceQuality "1"]

1. e4 c5 2. Nf3 Nc6 3. d4 cxd4 4. Nxd4 e5 5. Nxc6 bxc6 6. Bc4 Nf6 7. Nc3 Be7 8. 0-0 0-0 9. Qe2 Qc7 10. f4 exf4 11. e5 Ne8 12. Bxf4 d5 13. exd6 Bxd6 14. Bxf7+ Kh8 15. Bxd6 Nxd6 16. Bb3 Bf5 17. Rae1 Rae8 18. Rxf5 1-0

[Event "Teplice op 8th"]
[Site "Teplice"]
[Date "2013.06.16"]
[Round "2"]
[White "Kaluzny, Matyas"]
[Black "Zmeskal, Stanislav"]
[Result "1-0"]
[WhiteElo "1958"]
[BlackElo "1729"]
[PlyCount "53"]
[EventDate "2013.06.15"]
[EventType "swiss"]
[EventRounds "9"]
[EventCountry "CZE"]
[SourceTitle "CBM 155 Extra"]
[Source "ChessBase"]
[SourceDate "2013.08.26"]
[SourceVersion "1"]
[SourceVersionDate "2013.08.26"]
[SourceQuality "1"]

1. d4 d5 2. c4 c6 3. Nc3 Nf6 4. Bg5 h6 5. Bh4 dxc4 6. a4 a6 7. e3 b5 8. axb5 cxb5 9. Nxb5 axb5 10. Rxa8 Bb7 11. Ra1 g5 12. Bg3 e6 13. f3 Bb4+ 14. Kf2 Nc6 15. b3 Na5 16. bxc4 0-0 17. cxb5 Nd5 18. Bd3 Nc3 19. Qc2 f5 20. Be5 Qd5 21. Ne2 Ne4+ 22. Bxe4 fxe4 23. f4 Nc4 24. Rhc1 Nxe5 25. dxe5 gxf4 26. Nxf4 Rxf4+ 27. exf4 1-0

[Event "CZE-chTA U20 1213"]
[Site "Czech Republic"]
[Date "2013.04.12"]
[Round "8.3"]
[White "Kaluzny, Matyas"]
[Black "Kozel, Jiri"]
[Result "1/2-1/2"]
[WhiteElo "1905"]
[BlackElo "2051"]
[PlyCount "115"]
[EventDate "2012.10.06"]
[EventType "team-tourn"]
[EventRounds "11"]
[EventCountry "CZE"]
[SourceTitle "EXT 2015"]
[Source "ChessBase"]
[SourceDate "2014.11.20"]
[SourceVersion "1"]
[SourceVersionDate "2014.11.20"]
[SourceQuality "1"]
[WhiteTeam "Udlice (U20)"]
[BlackTeam "Frydek Mistek (U20)"]
[WhiteTeamCountry "CZE"]
[BlackTeamCountry "CZE"]

1. e4 c5 2. Nf3 Nc6 3. d4 cxd4 4. Nxd4 e5 5. Nxc6 bxc6 6. Nc3 Bb4 7. Bc4 Nf6 8. Qf3 Qa5 9. Bg5 Bxc3+ 10. bxc3 d5 11. Bxf6 Bg4 12. Qg3 gxf6 13. 0-0 h5 14. exd5 cxd5 15. Bb3 Rc8 16. h3 Be6 17. f4 Qxc3 18. Qh4 Qd4+ 19. Kh2 Rh6 20. Rad1 Qe4 21. Rfe1 Qxf4+ 22. Qxf4 exf4 23. Rxd5 Kf8 24. Ra5 f3 25. gxf3 Rc7 26. Re2 Bd7 27. h4 f5 28. Rae5 Be6 29. R2e3 Rg6 30. c3 Rb7 31. c4 Rc7 32. c5 Rc6 33. a3 Kg7 34. Bd1 Kf6 35. f4 Rh6 36. Bf3 Rc7 37. Kh3 Rh8 38. Rc3 Rd8 39. Bxh5 Rd4 40. Kg3 Ra4 41. Bd1 Rd4 42. Bb3 Rc8 43. Bxe6 fxe6 44. c6 Rc7 45. h5 Rd6 46. Rec5 Rd1 47. Rb3 Ra1 48. Rcc3 Rg1+ 49. Kh2 Rgg7 50. Kh3 Rh7 51. Kh4 Rxh5+ 52. Kg3 Rhh7 53. a4 Rhg7+ 54. Kf3 Ke7 55. Rb1 Rh7 56. Rc4 Rh3+ 57. Kf2 Rd3 58. Rbc1 1/2-1/2

[Event "CZE-ch U16"]
[Site "Kouty nad Desnou"]
[Date "2013.03.14"]
[Round "7"]
[White "Pajersky, Michal"]
[Black "Kaluzny, Matyas"]
[Result "1-0"]
[WhiteElo "1823"]
[BlackElo "1929"]
[PlyCount "57"]
[EventDate "2013.03.09"]
[EventType "swiss"]
[EventRounds "9"]
[EventCountry "CZE"]
[SourceTitle "EXT 2015"]
[Source "ChessBase"]
[SourceDate "2014.11.20"]
[SourceVersion "1"]
[SourceVersionDate "2014.11.20"]
[SourceQuality "1"]

1. e4 c5 2. Nc3 Nc6 3. g3 g6 4. Bg2 Bg7 5. d3 d6 6. Nge2 Bd7 7. 0-0 Rb8 8. a4 a6 9. Nd5 e6 10. Ne3 b5 11. axb5 axb5 12. c3 Qb6 13. Kh1 Nge7 14. f4 0-0 15. g4 f5 16. gxf5 exf5 17. Ng3 b4 18. Bd2 bxc3 19. bxc3 Nd8 20. exf5 Bxf5 21. Ngxf5 Nxf5 22. Nxf5 Rxf5 23. Be4 Rf8 24. f5 gxf5 25. Bxf5 Qc6+ 26. Kg1 Rf7 27. Qh5 Bf6 28. Be4 Rg7+ 29. Kh1 1-0

[Event "CZE-ch U16"]
[Site "Kouty nad Desnou"]
[Date "2013.03.11"]
[Round "3"]
[White "Toman, Ondrej"]
[Black "Kaluzny, Matyas"]
[Result "0-1"]
[WhiteElo "2091"]
[BlackElo "1929"]
[PlyCount "83"]
[EventDate "2013.03.09"]
[EventType "swiss"]
[EventRounds "9"]
[EventCountry "CZE"]
[SourceTitle "EXT 2015"]
[Source "ChessBase"]
[SourceDate "2014.11.20"]
[SourceVersion "1"]
[SourceVersionDate "2014.11.20"]
[SourceQuality "1"]

1. e4 c5 2. Nc3 Nc6 3. f4 g6 4. Nf3 Bg7 5. Bb5 Nd4 6. 0-0 Nxb5 7. Nxb5 c4 8. Kh1 a6 9. Nc3 d6 10. d3 cxd3 11. Qxd3 Nf6 12. Be3 0-0 13. Rad1 Qc7 14. Nd4 b5 15. a3 Bb7 16. Bg1 Rfd8 17. Rfe1 e5 18. Nde2 d5 19. exd5 Nxd5 20. Nxd5 Bxd5 21. Qc3 Qb7 22. Qg3 Rd7 23. Nc3 exf4 24. Qf2 Bxc3 25. bxc3 Rad8 26. Rd3 Be4 27. Rd4 Rxd4 28. cxd4 Rxd4 29. h3 Rd8 30. Qxf4 Bxg2+ 31. Kh2 Bc6 32. Bd4 Qd7 33. c3 Qd5 34. Re2 f5 35. Qh6 Qh1+ 36. Kg3 Qf3+ 37. Kh4 Rxd4+ 38. cxd4 Qxe2 39. Qc1 Qe4+ 40. Kg3 f4+ 41. Qxf4 Qxf4+ 42. Kxf4 0-1

[Event "CZE-ch U16"]
[Site "Kouty nad Desnou"]
[Date "2013.03.09"]
[Round "1"]
[White "Blahynka, Martin"]
[Black "Kaluzny, Matyas"]
[Result "1/2-1/2"]
[WhiteElo "2152"]
[BlackElo "1929"]
[PlyCount "111"]
[EventDate "2013.03.09"]
[EventType "swiss"]
[EventRounds "9"]
[EventCountry "CZE"]
[SourceTitle "EXT 2015"]
[Source "ChessBase"]
[SourceDate "2014.11.20"]
[SourceVersion "1"]
[SourceVersionDate "2014.11.20"]
[SourceQuality "1"]

1. d4 Nf6 2. c4 g6 3. Nc3 d5 4. cxd5 Nxd5 5. e4 Nxc3 6. bxc3 Bg7 7. Nf3 c5 8. Rb1 Nc6 9. d5 Ne5 10. Bb5+ Bd7 11. Bf4 Nxf3+ 12. Qxf3 Bxb5 13. Rxb5 b6 14. 0-0 0-0 15. c4 e5 16. Bd2 f5 17. Re1 f4 18. Qh3 Qe7 19. a4 Rf6 20. a5 g5 21. Reb1 Qf7 22. Bc3 Qc7 23. Qh5 Rg6 24. Qd1 g4 25. Qa4 Rf8 26. axb6 axb6 27. Qa6 Rff6 28. Qa8+ Bf8 29. d6 Qxd6 30. Qd5+ Qxd5 31. cxd5 Bd6 32. Rxb6 Rf8 33. Ra1 Rd8 34. Ra7 Rb8 35. Rxb8+ Bxb8 36. Rb7 Bd6 37. g3 f3 38. h4 h5 39. Kf1 Rf6 40. Rd7 Bb8 41. Rd8+ Rf8 42. Ba5 Rxd8 43. Bxd8 Kf7 44. Bb6 Bd6 45. Ke1 c4 46. Kd2 Bb4+ 47. Kc2 Ke7 48. Be3 Kd6 49. Bh6 Be1 50. Bf8+ Kd7 51. Bc5 Ba5 52. Ba7 Ke7 53. Bb8 Bb6 54. Bxe5 Bxf2 55. Kd1 Bc5 56. Bc3 1/2-1/2